Comunicación, doble vínculo y edicación en la sociedad contemporánea.

Uloženo v:
Podrobná bibliografie
Hlavní autor: Ornelas, Ana (autor)
Médium: Kniha
Jazyk:španělština
Témata:
Tagy: Přidat tag
Žádné tagy, Buďte první, kdo vytvoří štítek k tomuto záznamu!

MARC

LEADER 00000nam^a2200000^u^4500
001 000503374
005 20250521000000.0
008 080724s1000^^^^^^^^^^^^r^^^^^000^0^spa^d
009 20260526151132.083
022 |a 9789707226050 
035 |a FCE 000047576 
037 |a Acervo ITESO - Biblioteca 
041 |a spa 
082 0 4 |a 302.207  |b ORNco 
100 |a Ornelas, Ana  |e (autor) 
245 1 0 |a Comunicación, doble vínculo y edicación en la sociedad contemporánea. 
264 |a México:  |b UPN: Plaza y Valdés,  |c 2007. 
300 |a 259 p. 
336 |a texto  |b txt  |2 rdacontenido 
337 |a sin mediación  |b n  |2 rdamedio 
338 |a volumen  |b nc  |2 rdasoporte 
649 |a XX 
650 |a Educación 
650 |a Comunicación 
650 |a Investigación 
650 |a Sociedad 
650 |a Contexto sociocultural 
650 |a México 
910 |a Fondo Centro de Estudios Educativos 
920 |a Impresos - Libros 
930 |a Fondos Especiales 
905 |a 133 
901 |a ALE063709  |b IT2  |c CEE  |u 20250521 
902 |a https://opac.biblio.iteso.mx/vufind/Record/000503374